<?xml version="1.0" encoding="UTF-8"?>
<record
    xmlns:xsi="http://www.w3.org/2001/XMLSchema-instance"
    xsi:schemaLocation="http://www.loc.gov/MARC21/slim http://www.loc.gov/standards/marcxml/schema/MARC21slim.xsd"
    xmlns="http://www.loc.gov/MARC21/slim">

  <leader>01134nam a22002297a 4500</leader>
  <datafield tag="999" ind1=" " ind2=" ">
    <subfield code="c">9149</subfield>
    <subfield code="d">9149</subfield>
  </datafield>
  <controlfield tag="003">AR-CdUCM</controlfield>
  <controlfield tag="008">190327b           ||||| |||| 00| 0 spa d</controlfield>
  <datafield tag="040" ind1=" " ind2=" ">
    <subfield code="a">MUNICIPALIDAD PROVINCIAL DEL CUSCO</subfield>
    <subfield code="c">BIBLIOTECA MUNICIPAL DEL CUSCO</subfield>
  </datafield>
  <datafield tag="082" ind1=" " ind2=" ">
    <subfield code="a">519 /</subfield>
    <subfield code="b">AY94</subfield>
  </datafield>
  <datafield tag="100" ind1=" " ind2=" ">
    <subfield code="a">Ayres, Frank</subfield>
  </datafield>
  <datafield tag="245" ind1=" " ind2=" ">
    <subfield code="a">Teor&#xED;a y problemas de matematicas financieras /</subfield>
  </datafield>
  <datafield tag="260" ind1=" " ind2=" ">
    <subfield code="a">Colombia :</subfield>
    <subfield code="b">McGraw-Hill,</subfield>
    <subfield code="c">1971.</subfield>
  </datafield>
  <datafield tag="300" ind1=" " ind2=" ">
    <subfield code="a">230 p&#xE1;ginas ;</subfield>
    <subfield code="c">27 cm.</subfield>
  </datafield>
  <datafield tag="440" ind1=" " ind2=" ">
    <subfield code="a">Serie de compendios Schaum. </subfield>
    <subfield code="9">25186</subfield>
  </datafield>
  <datafield tag="505" ind1=" " ind2=" ">
    <subfield code="a">Contenido : Operaciones con n&#xFA;meros - Exponentes y logaritmos -- Progresiones -- Interes simple -- Descuento simple -- Pagos parciales -- Interes compuesto -- Anualidades ciertas ordinarias -- Amortizaci&#xF3;n y fondos de amortizaci&#xF3;n -- Bonos -- Anualidades anticipadas diferidas y perpetuidades -- Anualidades ciertas caso general -- Probabildades y la tabla de mortalidad -- Anualidades contingentes -- Seguro de vida. </subfield>
  </datafield>
  <datafield tag="650" ind1=" " ind2=" ">
    <subfield code="a">Matematicas</subfield>
    <subfield code="9">9398</subfield>
  </datafield>
  <datafield tag="650" ind1=" " ind2=" ">
    <subfield code="a">Finanzas</subfield>
    <subfield code="9">4496</subfield>
  </datafield>
  <datafield tag="650" ind1=" " ind2=" ">
    <subfield code="a">Matematicas aplicadas</subfield>
    <subfield code="9">25187</subfield>
  </datafield>
  <datafield tag="700" ind1=" " ind2=" ">
    <subfield code="a">Ocampo Compean, Fernando (traductor)</subfield>
    <subfield code="9">23214</subfield>
  </datafield>
  <datafield tag="942" ind1=" " ind2=" ">
    <subfield code="2">ddc</subfield>
    <subfield code="c">LIBROS</subfield>
  </datafield>
  <datafield tag="945" ind1=" " ind2=" ">
    <subfield code="a">zta</subfield>
  </datafield>
  <datafield tag="952" ind1=" " ind2=" ">
    <subfield code="0">0</subfield>
    <subfield code="2">ddc</subfield>
    <subfield code="4">0</subfield>
    <subfield code="7">0</subfield>
    <subfield code="a">SC</subfield>
    <subfield code="b">SC</subfield>
    <subfield code="c">CART</subfield>
    <subfield code="d">2019-03-27</subfield>
    <subfield code="g">45.00</subfield>
    <subfield code="o">519 / AY94</subfield>
    <subfield code="p">SC0000001211</subfield>
    <subfield code="r">2019-03-27</subfield>
    <subfield code="y">LIBROS</subfield>
  </datafield>
  <datafield tag="952" ind1=" " ind2=" ">
    <subfield code="0">0</subfield>
    <subfield code="2">ddc</subfield>
    <subfield code="4">0</subfield>
    <subfield code="7">0</subfield>
    <subfield code="a">SC</subfield>
    <subfield code="b">SC</subfield>
    <subfield code="c">CART</subfield>
    <subfield code="d">2019-05-28</subfield>
    <subfield code="g">45.00</subfield>
    <subfield code="o">519 / AY94 / e.2</subfield>
    <subfield code="p">SC0000001941</subfield>
    <subfield code="r">2019-05-28</subfield>
    <subfield code="t">e.2</subfield>
    <subfield code="y">LIBROS</subfield>
  </datafield>
</record>
